| 000 | 00690cab a2200217 4500 | ||
|---|---|---|---|
| 001 | ABS39965 | ||
| 008 | 090401t1988 xxu||||| |||| 00| 0 eng d | ||
| 035 | _a(Sirsi) u20332 | ||
| 041 | _aeng | ||
| 100 | _aEvamy, M. | ||
| 245 | _aHot waters run deep | ||
| 260 | _c1988 | ||
| 350 | _a0 | ||
| 490 |
_aContract Journal _v345(5686) 3 November 1988, 16(1) |
||
| 520 | _aReports on a district heating scheme set up by Southampton City Council , based on geothermal energy from underground water . The scheme is the first of its kind in the UK. | ||
| 650 | _aHEATING | ||
| 650 | _aHOT WATER | ||
| 690 | _aENVIRONMENTAL AND LAND CONSULTANCY-ENERGY | ||
| 942 | _n0 | ||
| 948 | _c04/03/1997 | ||
| 999 |
_c13621 _d13621 |
||